000 00550nam a22001937a 4500
001 2162214035923929
003 UA-OsUOA
005 20230726111128.0
008 230726b un ||||| |||| 00| 0 ukr d
040 _aUA-OsUOA
_bukr
_cUA-OsUOA
_dUA-OsUOA
041 _aukr
080 _a738
090 _a738
_bГ62
100 _aГолубець О.
245 _aЛьвівська кераміка
_cОрест Голубець
300 _a117 с.
650 _2UDC
_a738 Художня кераміка. Гончарство
942 _2udc
_cBK
999 _c574699
_d574699